000 00914nas a2200301 4500
001 BR2015005010
003 BR-BrBNA
005 20231205125734.0
007 ta
008 230509b bl.|||p| |||| 00| 00por d
040 _aBR-BrBNA
_bpor
_cBiblioteca Nacional de Agricultura
041 _a(Pt)
072 _aE16 ; F01
100 1 _aLima, J.D.
100 1 _aRosa, J.S.
100 1 _aMoraes, W. da S.
100 1 _aSilva, S.H.M. da
100 1 _aRozane, D.E.
100 1 _aGomes, E.N.
245 1 _aPeríodo de formação do cacho e biorreguladores na produção e qualidade da banana 'Grande Naine
650 _aBANANA
650 _aAUXINA
650 _aESTIMULANTE DE CRESCIMENTO VEGETAL
650 _aACIDO GIBERELICO
773 0 _tCiência Rural (Brazil)
_xISSN 0103-8478
_g(Aug 2015), v. 45(8) p. 1451-1454
_wBR2015005010
909 _a202311
_bLúcia
_c55
_dLúcia Elande
942 _2AGRIS
_n0
_cANA
999 _c245863
_d245863